000 00444nam a22001697a 4500
999 _c7781
_d7779
005 20210904134812.0
008 210325b ||||| |||| 00| 0 eng d
020 _a978-1841-132655
041 _aeng
082 _a345.408 23
100 _aHALLIDAY, SIMON
_96507
245 _aJUDICIAL REVIEW AND COMPLIANCE WITH ADMINISTRATIVE LAW
260 _aUSA
_bOXFORD AND PORTLAND OREGON
_c2004
300 _a188;p
650 _aLAW
_95701
942 _cBK